000 00627nam a2200193 i 4500
001 66264
003 ES-MaACL
007 t|
008 040130s1924 fr ||||1| fre d
100 1 _aGalbrun, Henri.
_953346
245 1 0 _aAssurances sur la vie
_b: calcul des primes /
_cpar Henri Galbrun.
260 _aParis :
_bGauthier-Villars,
_c1924]
300 _a310 p. ;
_c24 cm.
490 1 _aTraité du calcul des probabilités et de ses applications
500 _aEjem. falto de portada.
830 0 _aTraité du calcul des probabilités et de ses applications
_9182345
852 _aES-MaACL
_jC-9036
999 _c66264
_d66264